| 000 | 00565nam a2200181 i 4500 | ||
|---|---|---|---|
| 001 | 80320 | ||
| 003 | ES-MaACL | ||
| 005 | 20231222171840.0 | ||
| 007 | t| | ||
| 008 | 041027s1963 sp ||||1| spa d | ||
| 100 | 1 |
_aHierro, José, _d1922-2002 _963619 |
|
| 245 | 1 | 0 |
_aAroldo / _ctexto de José Hierro y Juan Antonio Villacañas. |
| 260 |
_a[S.l. : _bs.n., _c1963] ( _eToledo : _fImp. Gómez Menor) |
||
| 500 | _aTexto en castellano y francés. | ||
| 700 | 1 |
_aVillacañas, Juan Antonio. _9114906 |
|
| 852 |
_aES-MaACL _j2047-F-8 _bR.62578 |
||
| 999 |
_c80320 _d80320 |
||